=LDR 00000nam 2200000 4500 =001 NUTBA000000000000896 =005 20200227112627 =035 ##$$a 0010-041400000000166 =008 200227################g##########0#ind## =020 ##$$a 978-602-8512-25-1 =082 ##$$a 153.9 =100 ##$$a Hajjaj, Yusuf Abu Al- =245 1#$$a Agar anda menjadi jauh lebih cerdas /$c Yusuf Abu Al-Hajjaj =250 ##$$a Cet.1 =260 ##$$a Surakarta :$b Al-Jadid,$c 2009 =300 ##$$a 202 hlm. : $b ilus ; $c 14x20,5 cm. =084 ##$$a 153.9 HAJ a =650 #4$$a Sukses =504 ##$$a Bibliografi : hlm. 201 -202 =990 ##$$a 92724/BPAP-NTB/2014 =990 ##$$a 93326/BPAP-NTB/2014